000 00970nam a22002297a 4500
999 _c32784
_d32784
003 OSt
005 20251022062543.0
008 140214b2021 slv spa
040 _cBMC
082 _a610.73
082 _a170
100 1 _aPérez González, Bryan David
_945866
245 1 0 _aRelación del humanismo con la calidad de la atención de enfermería.
_b: Investigación, Informe final
_cBryan David Pérez González
260 _aSanta Ana (El Salvador)
_bUniversidad Católica de El Salvador
_c2021
300 _a1 folleto (28 h.)
_c28 cm
_e+ 1 disco compacto
500 _aPrecede al tít.: Universidad Católica de El Salvador, Facultad de Ciencias de la Salud. Escuela de enfermería
502 _aPara optar al grado académico de: Licenciatura en enfermería
650 2 4 _94103
_aEnfermería
650 2 0 _9128
_aÉtica
710 2 _919917
_aUniversidad Católica de El Salvador
_bEscuela de Ciencias de la Salud
942 _2ddc
_cTG
_hprozim